| 000 | 00442nam a2200181Ia 4500 | ||
|---|---|---|---|
| 008 | 230524s9999 xx 000 0 und d | ||
| 020 | _a9788121926201 | ||
| 082 |
_a576 _bDUB |
||
| 100 | _aDr R C Dubey | ||
| 245 | 2 | _aA Textbook of Microbiology | |
| 250 | _a4 | ||
| 260 |
_aNew Delhi _bS.Chand _c2021 |
||
| 300 | _a"xvi,1034;p" | ||
| 500 | _aQuantity Number: 3 | ||
| 650 | _aBiotechnology | ||
| 700 | _aDr D K Maheshwari | ||
| 942 | _cBK | ||
| 999 |
_c60658 _d60658 |
||